Cesty ke zvyšování firemní výkonnosti
Gespeichert in:
| 1. Verfasser: | |
|---|---|
| Format: | Buch |
| Sprache: | Tschechisch |
| Veröffentlicht: |
Praha :
Professional Publishing,
2002
|
| Ausgabe: | 1. vyd |
| Schlagworte: | |
| Online-Zugang: | OBSAH |
| Tags: |
Keine Tags, Fügen Sie das erste Tag hinzu!
|
MARC
| LEADER | 00000nam a22000003a 4500 | ||
|---|---|---|---|
| 001 | stu82913 | ||
| 005 | 20150617225639.0 | ||
| 008 | 031216s2002----xr------------------cze-d | ||
| 020 | |a 80-86419-21-5 | ||
| 040 | |a STU |b slo | ||
| 041 | 0 | |a cze | |
| 044 | |a xr | ||
| 080 | |a 658.3 | ||
| 080 | |a 331.108 | ||
| 100 | 1 | |a Stýblo, Jiří |4 aut | |
| 245 | 1 | |a Cesty ke zvyšování firemní výkonnosti | |
| 250 | |a 1. vyd | ||
| 260 | |a Praha : |b Professional Publishing, |c 2002 | ||
| 300 | |a 75 s | ||
| 650 | 7 | |a manažment personálny |2 stusub | |
| 856 | 4 | |a https://sweb.mtf.stuba.sk/obsahy/cesty_ke_zvysovani_firemni_vykonnosti02.pdf |u https://sweb.mtf.stuba.sk/obsahy/cesty_ke_zvysovani_firemni_vykonnosti02.pdf |3 OBSAH | |
| 996 | |b 284M058951 |c M*11261-2 |l MMKN |s A |a 24 |w stu82913_0001 | ||
| 996 | |b 284M058952 |c M*11261-3 |l MMKN |s A |a 24 |w stu82913_0002 | ||
| 996 | |b 284M058953 |c M*11261-4 |l MMKN |s A |a 24 |w stu82913_0003 | ||
| 996 | |b 284M058287 |c M*11261-1 |l MMKN |s A |a 24 |w stu82913_0004 | ||